Word Scramble - Crayola Crayon Colors from 1970 - Statistics

General Stats
  • This quiz has been taken 197 times
  • The average score is 10 of 12
Answer Stats
Color % Correct
Gold
100%
Periwinkle
100%
Tan
100%
Gray
95%
Red
94%
Plum
93%
Yellow
93%
Black
91%
Green
90%
Silver
90%
Blue
89%
Brown
88%
Lavender
88%
White
88%
Peach
87%
Magenta
85%
Copper
83%
Melon
83%
Maize
81%
Maroon
77%
Salmon
76%
Mahogany
74%
Orange
73%
Orchid
71%
Aquamarine
58%
Cornflower
58%
Mulberry
50%
Apricot
48%
Sepia
42%
Bittersweet
38%
Goldenrod
36%
Thistle
26%
No matching quizzes found
Score Distribution
Percent of People with Each Score
Percentile by Number Answered
Your Score History
You have not taken this quiz